| 000 | 00625nam a2200193 i 4500 | ||
|---|---|---|---|
| 001 | 132980 | ||
| 003 | ES-MaACL | ||
| 005 | 20230906194308.0 | ||
| 007 | t| | ||
| 008 | 070214s1954 sp r ||||1| spa d | ||
| 100 | 1 |
_aRoss, Alf. _999806 |
|
| 245 | 1 | 0 |
_aConstitución de las Naciones Unidas / _cAlf Ross ; versión española de Fernando Arias Parga ; prólogo de Antonio de Luna. |
| 260 |
_aMadrid : _bEd. Jura, _c1954. |
||
| 300 |
_aXXXVI, 356 p. ; _c21 cm. |
||
| 610 | 2 | 4 |
_aNaciones Unidas. _95955 |
| 700 | 1 |
_aArias Parga, Fernando. _922798 |
|
| 700 | 1 |
_aLuna, Antonio de. _974751 |
|
| 852 |
_aES-MaACL _jA-1352 _bR.35882 |
||
| 999 |
_c132980 _d132980 |
||